Hindustani vocal music: (Record no. 57058)

MARC details
000 -LEADER
fixed length control field 00823nam a22002177a 4500
005 - DATE AND TIME OF LATEST TRANSACTION
control field 20110927143916.0
010 ## - LCCN (DPL NO)
LC control number G-001442
020 ## - INTERNATIONAL STANDARD BOOK NUMBER
Terms of availability 750.00
International Standard Book Number 9788170750033
035 1d - SYSTEM CONTROL NUMBER
System control number G-001442
037 ## - SOURCE OF ACQUISITION
Source of stock number/acquisition Gift
082 ## - DEWEY DECIMAL CLASSIFICATION NUMBER
Classification number 781.62914
100 ## - MAIN ENTRY--PERSONAL NAME
Personal name Bhat, Jayashree Thatte
245 ## - TITLE STATEMENT
Title Hindustani vocal music:
Statement of responsibility, etc by Jayashree Thatte Bhat
Remainder of title (as seen outside India) /
260 ## - PUBLICATION, DISTRIBUTION, ETC. (IMPRINT)
Place of publication, distribution, etc New Delhi
Name of publisher, distributor, etc Abhinav Publication
Date of publication, distribution, etc 2009
270 ## - ADDRESS
Address E-37, Hauz Khas
City New Delhi
Postal code 110016
300 ## - PHYSICAL DESCRIPTION
Extent 472p.
Dimensions 25cm(Hb)
Other physical details col. photos
500 ## - GENERAL NOTE
General note Includes bibliographical references and index
942 ## - ADDED ENTRY ELEMENTS (KOHA)
Source of classification or shelving scheme Dewey Decimal Classification
Item type English Books
Classification part 781.62914
Call number suffix BHA
Holdings
Withdrawn status Lost status Not for loan Collection code Home library Current library Date acquired Source of acquisition Cost, normal purchase price Full call number Barcode Copy number Cost, replacement price Koha item type
      Non-fiction Janak Puri Janak Puri 27/09/2011 gift 750.00 781.62914 BHA G-001442 1 750.00 English Books

© Delhi Public Library
Hit Counter
free hit counter